00678nam a2200229Ia 4500008004100000020001800041050001100059100001800070245003700088245002100125260001400146260002900160260000900189300001500198300002100213300001100234440002300245440001100268650004600279999001900325952010400344160319s9999 xx 000 0 und d a9771908472008 bAb162d aAbrera, Manix aDie! die, evil! die! ahrrrgh! /  cni Manix Abrera. aMakati :  bVisual Print Enterprises c2007 a83 pages : billustrations ;  c21 cm. aKikomachine komix. vvol. 3 aComic books, strips, etc. -- Philippines. c292286d292286 001040aSSISBbSSISBcFILd2016-03-19l0oFic Ab162dpUS 1650r2016-03-19 00:00:00w2016-03-19yBK